|
|
|
|
| LEADER |
00000naa2a2200000 4500 |
| 001 |
403480 |
| 005 |
20231101065922.0 |
| 035 |
|
|
|a (RuTPU)RU\TPU\prd\49734
|
| 090 |
|
|
|a 403480
|
| 100 |
|
|
|a 20070322a2006 k y0rusy50 ca
|
| 101 |
0 |
|
|a rus
|
| 102 |
|
|
|a RU
|
| 200 |
1 |
|
|a Тема номера: "Автоматизированный НК металлопродукции"
|f А. К. Гуревич, В. Г. Щербинский
|
| 225 |
1 |
|
|a Автоматизированный НК
|
| 320 |
|
|
|a Библиогр.: 1 назв.
|
| 461 |
|
0 |
|0 (RuTPU)RU\TPU\prd\1155
|x 1609-3178
|t В мире неразрушающего контроля
|o Ежеквартальное журнальное обозрение
|d 2001-
|
| 463 |
|
0 |
|0 (RuTPU)RU\TPU\prd\47065
|t № 3
|v С. 4-5
|d 2006
|
| 610 |
1 |
|
|a неразрушающий контроль
|
| 610 |
1 |
|
|a металлопродукция
|
| 610 |
1 |
|
|a дефектоскопия
|
| 610 |
1 |
|
|a атомизация
|
| 610 |
1 |
|
|a уровни контроля
|
| 700 |
|
1 |
|a Гуревич
|b А. К.
|
| 701 |
|
1 |
|a Щербинский
|b В. Г.
|
| 801 |
|
1 |
|a RU
|b 63413507
|c 20070322
|g PSBO
|
| 942 |
|
|
|c BK
|